Thinking ahead for business

Đã lưu trong:
書目詳細資料
格式: 圖書
語言:Undetermined
出版: Cambridge Harvard University Press 1952
主題:
標簽: 添加標簽
沒有標簽, 成為第一個標記此記錄!
Thư viện lưu trữ: Trung tâm Học liệu Trường Đại học Cần Thơ
LEADER 00516nam a2200181Ia 4500
001 CTU_99052
008 210402s9999 xx 000 0 und d
082 |a 338.973 
082 |b T443 
245 0 |a Thinking ahead for business 
260 |a Cambridge 
260 |b Harvard University Press 
260 |c 1952 
650 |a Economic history,World politics,United states 
650 |x Economic policy 
650 |y 1945- 1971,1945- 1955 
904 |i M.Loan 
980 |a Trung tâm Học liệu Trường Đại học Cần Thơ